[Event "4th Memorial Warakomska-B 2020"]
[Site "Suwalki"]
[Date "2020.08.07"]
[Round "2.9"]
[White "Borowik, Karol"]
[Black "Kaminski, Maciej"]
[Result "0-1"]
[WhiteElo "1426"]
[BlackElo "1869"]
[Annotator "NA"]
[PlyCount "78"]
[EventDate "2020.08.06"]
[EventType "swiss"]
[EventCountry "POL"]
[SourceTitle "playchess.com"]
[Source "ChessBase"]
[SourceQuality "1"]
[TimeControl "40/5400+30:1800+30"]

{[%evp 8,65,59,42,41,29,27,52,21,28,69,45,46,44,58,8,44,49,54,0,-6,0,0,0,0,0,0,0,31,23,18,32767,30,-41,32767,32767,32767,32767,32767,32767,32767,32767,32767,32767,32767,32767,32767,-48,32767,-67,32767,-55,32767,32767,-52,32767,-76,32767,-70,-71]} 1. d4 {[%emt 0:00:00]} Nf6 {[%emt 0:00:00]} 2. Nf3 {[%emt 0:00:00]} g6 {[%emt 0:00:00]} 3. c4 {[%emt 0:00:01]} Bg7 {[%emt 0:00:00]} 4. Nc3 {[%emt 0:00:06]} O-O {[%emt 0:00:00]} 5. e4 {[%emt 0:00:28]} d6 {[%emt 0:00:06]} 6. Be2 {[%emt 0:00:12]} e5 {[%emt 0:00:08]} 7. d5 {[%emt 0:03:07]} a5 {[%emt 0:00:06]} 8. O-O {[%emt 0:01:11]} h6 {[%emt 0:02:47] E92: King's Indian: Classical: 6 Be2 e5: 7 dxe5, 7 Be3 and Petrosian System without 7...Nbd7.} 9. Ne1 {[%emt 0:06:34]} Na6 {[%emt 0:06:53]} 10. Be3 {[%emt 0:08:39]} Bd7 {[%emt 0:07:02]} 11. a3 {[%emt 0:07:25]} b6 {[%emt 0:03:38]} 12. Nd3 {[%emt 0:05:17]} Nc5 {[%emt 0:02:45] [#]} 13. Bxc5 $146 {[%emt 0:11:35]} (13. Nxc5 $14 bxc5 14. Qd2) ({Predecessor:} 13. f3 Ne8 14. b4 axb4 15. axb4 Rxa1 16. Qxa1 Nb3 17. Qb2 Nd4 18. c5 f5 19. Rd1 {1-0 (42) Antonova,N (2011)-Faqeeh,A (1599) Al Ain 2015}) 13... bxc5 {[%emt 0:00:36]} 14. b4 {[%emt 0:03:06]} axb4 {[%emt 0:07:30]} 15. axb4 {[%emt 0:00:23]} cxb4 {[%emt 0:02:23]} 16. Nxb4 {[%emt 0:00:55]} Rxa1 {[%emt 0:00:28]} 17. Qxa1 {[%emt 0:00:02]} Ne8 {[%emt 0:00:57]} 18. Qa6 {[%emt 0:17:36]} Qg5 {[%emt 0:03:09]} 19. Qa2 {[%emt 0:11:58]} f5 {[%emt 0:01:51]} 20. Nd3 {[%emt 0:03:11]} ({White should play} 20. Na6 $11) 20... fxe4 {[%emt 0:06:04]} 21. Nxe4 {[%emt 0:00:18]} Qh4 {[%emt 0:00:16]} 22. f3 {[%emt 0:05:41]} Bf5 {[%emt 0:02:06]} 23. Ndf2 {[%emt 0:00:49]} Bxe4 {[%emt 0:06:13]} 24. Nxe4 {[%emt 0:00:12]} Nf6 {[%emt 0:00:45]} 25. Bd3 {[%emt 0:02:45]} Qf4 {[%emt 0:07:20]} 26. Qd2 {[%emt 0:02:27]} Nd7 {[%emt 0:01:10]} 27. Qxf4 {[%emt 0:01:13]} (27. Qe2 $14) 27... exf4 {[%emt 0:00:07]} 28. Rb1 {[%emt 0:01:29]} Bd4+ {[%emt 0:00:48]} 29. Kf1 {[%emt 0:01:29]} Ne5 {[%emt 0:00:39]} 30. Be2 {[%emt 0:00:03]} Ra8 {[%emt 0:00:59]} 31. Nf6+ {[%emt 0:05:59]} Kg7 {[%emt 0:02:20]} 32. Ng4 {[%emt 0:00:02]} Nxg4 {[%emt 0:05:44]} 33. fxg4 $17 {[%emt 0:00:01]} Kf6 {[%emt 0:00:10]} 34. h3 {[%emt 0:00:04]} Ra2 {[%emt 0:01:07]} 35. Bd3 {[%emt 0:02:14]} Rf2+ {[%emt 0:00:29]} 36. Ke1 {[%emt 0:00:26]} Rxg2 {[%emt 0:00:10]} 37. Bf1 {[%emt 0:00:25]} Bc3+ {[%emt 0:01:21]} 38. Kd1 {[%emt 0:00:10]} Rf2 {[%emt 0:00:13]} 39. Be2 {[%emt 0:00:50]} f3 {[%emt 0:00:10]} 0-1

[Event "4th Memorial Warakomska-B 2020"]
[Site "Suwalki"]
[Date "2020.08.07"]
[Round "2.10"]
[White "Milewski, Karol"]
[Black "Stefaniuk, Zbigniew"]
[Result "0-1"]
[WhiteElo "1795"]
[BlackElo "1538"]
[Annotator "NA"]
[PlyCount "84"]
[EventDate "2020.08.06"]
[EventType "swiss"]
[EventCountry "POL"]
[SourceTitle "playchess.com"]
[Source "ChessBase"]
[SourceQuality "1"]
[TimeControl "40/5400+30:1800+30"]

1. d4 {[%emt 0:00:00]} Nf6 {[%emt 0:00:00]} 2. c4 {[%emt 0:00:07]} d6 {[%emt 0:00:01]} 3. Nc3 {[%emt 0:00:23]} e5 {[%emt 0:00:29]} 4. dxe5 {[%emt 0:02:10]} dxe5 {[%emt 0:00:30]} 5. Qxd8+ {[%emt 0:03:00]} Kxd8 {[%emt 0:00:05]} 6. Nf3 {[%emt 0:01:08]} Nbd7 {[%emt 0:01:01]} 7. g3 {[%emt 0:03:36]} c6 {[%emt 0:03:22]} 8. Bg2 {[%emt 0:02:24]} Bb4 {[%emt 0:01:21]} 9. O-O {[%emt 0:05:10]} Bxc3 {[%emt 0:07:07]} 10. bxc3 {[%emt 0:01:04]} h6 {[%emt 0:05:26]} 11. Rd1 {[%emt 0:01:42]} Kc7 {[%emt 0:01:42]} 12. Ba3 {[%emt 0:05:06]} Ne4 {[%emt 0:03:44]} 13. Nxe5 {[%emt 0:13:45]} Nxe5 {[%emt 0:04:55]} 14. Bxe4 {[%emt 0:00:49]} Nxc4 {[%emt 0:00:14]} 15. Bc5 {[%emt 0:07:19]} Be6 {[%emt 0:15:16]} 16. Bd4 {[%emt 0:12:28]} f6 {[%emt 0:03:50]} 17. Bg2 {[%emt 0:02:55]} Rhd8 {[%emt 0:04:49]} 18. f3 {[%emt 0:13:45]} Rd7 {[%emt 0:04:18]} 19. Bf2 {[%emt 0:01:22]} Rad8 {[%emt 0:03:51]} 20. Rd4 {[%emt 0:00:27]} b6 {[%emt 0:07:02]} 21. a4 {[%emt 0:11:41]} c5 {[%emt 0:01:48]} 22. Rxd7+ {[%emt 0:00:19]} Rxd7 {[%emt 0:00:19]} 23. a5 {[%emt 0:01:22]} Rd2 {[%emt 0:09:16]} 24. axb6+ {[%emt 0:00:10]} Kxb6 {[%emt 0:01:55]} 25. Kf1 {[%emt 0:03:05]} a5 {[%emt 0:02:07]} 26. Ke1 {[%emt 0:02:46]} Rc2 {[%emt 0:04:07]} 27. Kd1 {[%emt 0:01:28]} Bf5 {[%emt 0:02:09]} 28. Bf1 {[%emt 0:02:57]} Nb2+ {[%emt 0:03:33]} 29. Ke1 {[%emt 0:00:05]} a4 {[%emt 0:02:11]} 30. Be3 {[%emt 0:01:49]} Rxc3 {[%emt 0:01:34]} 31. Bd2 {[%emt 0:00:33]} Rb3 {[%emt 0:01:23]} 32. g4 {[%emt 0:00:28]} Be6 {[%emt 0:01:10]} 33. Bc1 {[%emt 0:00:26]} a3 {[%emt 0:00:56]} 34. Kd2 {[%emt 0:00:10]} Nc4+ {[%emt 0:03:13]} 35. Kc2 {[%emt 0:00:12]} Ne3+ {[%emt 0:01:00]} 36. Bxe3 {[%emt 0:00:07]} Rxe3 {[%emt 0:00:13]} 37. Kd2 {[%emt 0:00:01]} Rb3 {[%emt 0:00:21]} 38. Kc2 {[%emt 0:00:38]} Bc4 {[%emt 0:01:05]} 39. e4 {[%emt 0:01:02]} Rb2+ {[%emt 0:00:12]} 40. Kc3 {[%emt 0:00:00]} Bxf1 {[%emt 0:00:00]} 41. Rxf1 {[%emt 0:00:15]} Rxh2 {[%emt 0:00:50]} 42. Ra1 {[%emt 0:00:31]} Rf2 {[%emt 0:00:39]} 0-1

[Event "4th Memorial Warakomska-B 2020"]
[Site "Suwalki"]
[Date "2020.08.07"]
[Round "2.11"]
[White "Pieczulis, Hubert"]
[Black "Milanowski, Jan"]
[Result "1/2-1/2"]
[WhiteElo "1486"]
[BlackElo "1787"]
[Annotator "NA"]
[PlyCount "70"]
[EventDate "2020.08.06"]
[EventType "swiss"]
[EventCountry "POL"]
[SourceTitle "playchess.com"]
[Source "ChessBase"]
[SourceQuality "1"]
[TimeControl "40/5400+30:1800+30"]

1. Nf3 {[%emt 0:00:00]} Nf6 {[%emt 0:00:00]} 2. d4 {[%emt 0:00:00]} d5 {[%emt 0:00:51]} 3. Bf4 {[%emt 0:00:32]} c6 {[%emt 0:06:37]} 4. e3 {[%emt 0:03:46]} Nh5 {[%emt 0:02:21]} 5. Bg3 {[%emt 0:00:16]} Nxg3 {[%emt 0:00:23]} 6. hxg3 {[%emt 0:00:07]} Bf5 {[%emt 0:03:10]} 7. c4 {[%emt 0:01:04]} e6 {[%emt 0:03:39]} 8. a3 {[%emt 0:02:10]} h6 {[%emt 0:00:49]} 9. Nc3 {[%emt 0:00:40]} Nd7 {[%emt 0:00:34]} 10. cxd5 {[%emt 0:03:09]} cxd5 {[%emt 0:07:43]} 11. Bd3 {[%emt 0:00:50]} Bxd3 {[%emt 0:01:23]} 12. Qxd3 {[%emt 0:00:06]} a6 {[%emt 0:06:52]} 13. O-O {[%emt 0:02:01]} Be7 {[%emt 0:05:33]} 14. Rac1 {[%emt 0:02:40]} O-O {[%emt 0:08:59]} 15. Rc2 {[%emt 0:02:58]} Nb6 {[%emt 0:02:51]} 16. Nd2 {[%emt 0:02:04]} Rc8 {[%emt 0:01:08]} 17. Rfc1 {[%emt 0:00:09]} Qd7 {[%emt 0:00:54]} 18. Na2 {[%emt 0:05:57]} Rxc2 {[%emt 0:00:56]} 19. Rxc2 {[%emt 0:01:39]} Rc8 {[%emt 0:01:41]} 20. Rxc8+ {[%emt 0:05:53]} Qxc8 {[%emt 0:00:56]} 21. Qc3 {[%emt 0:00:06]} Qd7 {[%emt 0:09:47]} 22. Nb4 {[%emt 0:01:30]} Na4 {[%emt 0:05:57]} 23. Qb3 {[%emt 0:00:20]} Qb5 {[%emt 0:01:06]} 24. Nd3 {[%emt 0:00:49]} Qxb3 {[%emt 0:03:47]} 25. Nxb3 {[%emt 0:00:11]} b6 {[%emt 0:00:12]} 26. Kf1 {[%emt 0:00:23]} Kf8 {[%emt 0:00:06]} 27. Ke2 {[%emt 0:00:05]} Ke8 {[%emt 0:00:48]} 28. Kd2 {[%emt 0:00:16]} Bd6 {[%emt 0:07:36]} 29. Kc2 {[%emt 0:00:47]} Kd7 {[%emt 0:01:26]} 30. Nd2 {[%emt 0:05:34]} b5 {[%emt 0:00:17]} 31. Nb3 {[%emt 0:01:16]} Kc6 {[%emt 0:02:05]} 32. Na5+ {[%emt 0:00:16]} Kc7 {[%emt 0:02:44]} 33. Nb3 {[%emt 0:00:08]} Kc6 {[%emt 0:02:33]} 34. Na5+ {[%emt 0:00:16]} Kc7 {[%emt 0:00:49]} 35. Nb3 {[%emt 0:00:18]} Kc6 {[%emt 0:00:27]} 1/2-1/2

[Event "4th Memorial Warakomska-B 2020"]
[Site "Suwalki"]
[Date "2020.08.07"]
[Round "2.12"]
[White "Bancarewicz, Aleks"]
[Black "Harasimczuk, Jakub"]
[Result "1-0"]
[WhiteElo "1781"]
[BlackElo "1400"]
[Annotator "NA"]
[PlyCount "62"]
[EventDate "2020.08.06"]
[EventType "swiss"]
[EventCountry "POL"]
[SourceTitle "playchess.com"]
[Source "ChessBase"]
[SourceQuality "1"]
[TimeControl "40/5400+30:1800+30"]

1. e4 {[%emt 0:00:00]} e5 {[%emt 0:00:00]} 2. Nf3 {[%emt 0:00:00]} Nc6 {[%emt 0:00:33]} 3. Bb5 {[%emt 0:00:00]} a6 {[%emt 0:01:06]} 4. Ba4 {[%emt 0:00:25]} Nf6 {[%emt 0:03:48]} 5. O-O {[%emt 0:00:43]} b5 {[%emt 0:02:42]} 6. Bb3 {[%emt 0:00:11]} Bc5 {[%emt 0:01:12]} 7. a4 {[%emt 0:06:45]} b4 {[%emt 0:05:11]} 8. c3 {[%emt 0:09:08]} bxc3 {[%emt 0:09:14]} 9. bxc3 {[%emt 0:01:04]} d6 {[%emt 0:11:23]} 10. d4 {[%emt 0:04:10]} exd4 {[%emt 0:04:45]} 11. cxd4 {[%emt 0:00:11]} Bb6 {[%emt 0:02:07]} 12. h3 {[%emt 0:15:26]} h6 {[%emt 0:03:13]} 13. e5 {[%emt 0:17:43]} dxe5 {[%emt 0:14:45]} 14. dxe5 {[%emt 0:00:10]} Qxd1 {[%emt 0:04:50]} 15. Rxd1 {[%emt 0:00:18]} Ng8 {[%emt 0:08:38]} 16. Ba3 {[%emt 0:10:56]} Nge7 {[%emt 0:05:22]} 17. Nc3 {[%emt 0:02:26]} Be6 {[%emt 0:02:52]} 18. Bxe6 {[%emt 0:03:17]} fxe6 {[%emt 0:00:09]} 19. Ne4 {[%emt 0:03:56]} Nd5 {[%emt 0:04:46]} 20. Rac1 {[%emt 0:00:28]} Nd8 {[%emt 0:03:47]} 21. Nc5 {[%emt 0:03:16]} Nf4 {[%emt 0:03:14]} 22. Rc4 {[%emt 0:01:02]} g5 {[%emt 0:03:18]} 23. g3 {[%emt 0:02:20]} Ng6 {[%emt 0:02:46]} 24. Nd7 {[%emt 0:00:42]} Kf7 {[%emt 0:01:27]} 25. Nf6 {[%emt 0:02:38]} Nxe5 {[%emt 0:00:19]} 26. Nxe5+ {[%emt 0:00:07]} Kxf6 {[%emt 0:00:12]} 27. Bb2 {[%emt 0:00:05]} Rf8 {[%emt 0:01:15]} 28. Nd7+ {[%emt 0:01:22]} Kf7 {[%emt 0:00:24]} 29. Nxb6 {[%emt 0:03:42]} cxb6 {[%emt 0:00:08]} 30. Rd7+ {[%emt 0:00:07]} Ke8 {[%emt 0:01:02]} 31. Rh7 {[%emt 0:01:51]} Rf7 1-0

[Event "4th Memorial Warakomska-B 2020"]
[Site "Suwalki"]
[Date "2020.08.07"]
[Round "2.13"]
[White "Kotarski, Bartosz"]
[Black "Szewczyk, Malwina"]
[Result "1-0"]
[WhiteElo "1742"]
[BlackElo "1323"]
[Annotator "NA RC"]
[PlyCount "55"]
[EventDate "2020.08.06"]
[EventType "swiss"]
[EventCountry "POL"]
[SourceTitle "playchess.com"]
[Source "ChessBase"]
[SourceQuality "1"]
[TimeControl "40/5400+30:1800+30"]

1. e4 {[%emt 0:00:00]} c6 {[%emt 0:00:00]} 2. d4 {[%emt 0:00:00]} d5 {[%emt 0:00:00]} 3. e5 {[%emt 0:00:09]} Bf5 {[%emt 0:00:56]} 4. h4 {[%emt 0:00:08]} h5 {[%emt 0:04:47]} 5. Be2 {[%emt 0:01:51]} e6 {[%emt 0:03:39]} 6. Nc3 {[%emt 0:03:43]} Be7 {[%emt 0:01:03]} 7. g3 {[%emt 0:00:17]} Nd7 {[%emt 0:00:30]} 8. Bxh5 {[%emt 0:02:35]} Bxc2 {[%emt 0:02:12]} 9. Bxf7+ {[%emt 0:00:22]} Kxf7 {[%emt 0:00:41]} 10. Qxc2 {[%emt 0:00:08]} g6 {[%emt 0:01:56]} 11. Nh3 {[%emt 0:04:48]} Qb6 {[%emt 0:03:39]} 12. Nf4 {[%emt 0:06:09]} Nf8 {[%emt 0:00:26]} 13. Be3 {[%emt 0:00:31]} g5 {[%emt 0:09:48]} 14. Ng2 {[%emt 0:01:26]} gxh4 {[%emt 0:01:23]} 15. Nxh4 {[%emt 0:00:23]} Bxh4 {[%emt 0:00:37]} 16. gxh4 {[%emt 0:00:15]} Nh6 {[%emt 0:00:26]} 17. O-O-O {[%emt 0:02:18]} Nf5 {[%emt 0:02:29]} 18. h5 {[%emt 0:02:05]} Qd8 {[%emt 0:01:14]} 19. Rdg1 {[%emt 0:04:20]} Nh7 {[%emt 0:02:33]} 20. Kb1 {[%emt 0:04:08]} b5 {[%emt 0:00:38]} 21. Ne2 {[%emt 0:00:38]} Qd7 {[%emt 0:05:09]} 22. Nf4 {[%emt 0:01:31]} Rhg8 {[%emt 0:03:46]} 23. Rg6 {[%emt 0:00:33]} Rae8 {[%emt 0:00:46]} 24. Rxe6 {[%emt 0:01:11]} Nxe3 {[%emt 0:01:34]} 25. Qxh7+ {[%emt 0:00:09]} Rg7 {[%emt 0:00:23]} 26. Rf6+ {[%emt 0:00:07]} Ke7 {[%emt 0:01:43]} 27. Qxg7+ {[%emt 0:00:06]} Kd8 {[%emt 0:00:15]} 28. Rd6 {[%emt 0:00:07]} 1-0

[Event "4th Memorial Warakomska-B 2020"]
[Site "Suwalki"]
[Date "2020.08.07"]
[Round "2.14"]
[White "Peksa, Zuzanna"]
[Black "Ciszewski, Krzysztof"]
[Result "0-1"]
[WhiteElo "1146"]
[BlackElo "1728"]
[Annotator "NA"]
[PlyCount "58"]
[EventDate "2020.08.06"]
[EventType "swiss"]
[EventCountry "POL"]
[SourceTitle "playchess.com"]
[Source "ChessBase"]
[SourceQuality "1"]
[TimeControl "40/5400+30:1800+30"]

1. e4 {[%emt 0:00:00]} c5 {[%emt 0:00:00]} 2. Nf3 {[%emt 0:00:00]} d6 {[%emt 0:00:00]} 3. d4 {[%emt 0:00:00]} cxd4 {[%emt 0:00:00]} 4. Nxd4 {[%emt 0:00:17]} Nf6 {[%emt 0:00:00]} 5. Nc3 {[%emt 0:00:17]} a6 {[%emt 0:00:00]} 6. Bg5 {[%emt 0:00:12]} e6 {[%emt 0:00:01]} 7. f4 {[%emt 0:00:25]} h6 {[%emt 0:00:10]} 8. Bh4 {[%emt 0:00:39]} Qb6 {[%emt 0:00:05]} 9. Qd2 {[%emt 0:01:02]} Qxb2 {[%emt 0:00:39]} 10. Rb1 {[%emt 0:00:09]} Qa3 {[%emt 0:00:06]} 11. Rb3 {[%emt 0:01:37]} Qa5 {[%emt 0:01:43]} 12. Be2 {[%emt 0:00:37]} Be7 {[%emt 0:00:59]} 13. O-O {[%emt 0:05:10]} Nxe4 {[%emt 0:07:16]} 14. Qe3 {[%emt 0:05:41]} Nf6 {[%emt 0:09:04]} 15. Qg3 {[%emt 0:08:12]} Rg8 {[%emt 0:06:30]} 16. Bxf6 {[%emt 0:10:26]} Bxf6 {[%emt 0:00:15]} 17. Qe3 {[%emt 0:06:19]} Qc5 {[%emt 0:01:40]} 18. Rd1 {[%emt 0:04:32]} Nc6 {[%emt 0:00:41]} 19. Nf5 {[%emt 0:17:39]} Qxf5 {[%emt 0:00:45]} 20. Nd5 {[%emt 0:04:29]} Bd4 {[%emt 0:11:32]} 21. Rxd4 {[%emt 0:02:00]} Nxd4 {[%emt 0:00:15]} 22. Nc7+ {[%emt 0:02:00]} Kd7 {[%emt 0:02:47]} 23. Nxa8 {[%emt 0:02:07]} Nxb3 {[%emt 0:00:50]} 24. Qxb3 {[%emt 0:01:44]} Qc5+ {[%emt 0:00:28]} 25. Kf1 {[%emt 0:00:38]} Kc6 {[%emt 0:04:28]} 26. Qa4+ {[%emt 0:03:10]} b5 {[%emt 0:00:27]} 27. Qa5 {[%emt 0:04:37]} Kb7 {[%emt 0:01:33]} 28. a4 {[%emt 0:01:50]} Bd7 {[%emt 0:03:34]} 29. axb5 {[%emt 0:02:29]} Bxb5 {[%emt 0:00:40]} 0-1

[Event "4th Memorial Warakomska-B 2020"]
[Site "Suwalki"]
[Date "2020.08.06"]
[Round "2.34"]
[White "Palejko, Maria"]
[Black "Kaznowska, Kinga"]
[Result "1-0"]
[WhiteElo "1218"]
[BlackElo "1007"]
[Annotator "NA"]
[PlyCount "93"]
[EventDate "2020.08.06"]
[EventType "swiss"]
[EventCountry "POL"]
[SourceTitle "playchess.com"]
[Source "ChessBase"]
[SourceQuality "1"]
[TimeControl "40/5400+30:1800+30"]

1. e4 g6 2. d4 Bg7 3. Nc3 f6 4. Nf3 e5 5. Be3 Ne7 6. Bc4 b6 7. dxe5 fxe5 8. Nd5 c6 9. Nc3 Bb7 10. Bg5 h6 11. Qd6 hxg5 12. Nxg5 Qc8 13. Bf7+ Kf8 14. f4 Na6 15. Bxg6 Qc7 16. Nh7+ Rxh7 17. Qxc7 Nxc7 18. Bxh7 exf4 19. O-O Bxc3 20. bxc3 Kg7 21. Bf5 Nxf5 22. exf5 Kf6 23. Rxf4 Rg8 24. g3 Nd5 25. Rd4 b5 26. a4 Nxc3 27. Rxd7 Rg7 28. Rxg7 Kxg7 29. axb5 Nxb5 30. c4 Nd6 31. Rd1 Nf7 32. Rd7 Ba6 33. c5 Bb5 34. Rxa7 Kf6 35. g4 Ne5 36. h3 Nd3 37. h4 Nxc5 38. h5 Kg5 39. Rg7+ Kh6 40. Rg6+ Kh7 41. f6 Ne6 42. f7 Bc4 43. Rxe6 Bxe6 44. f8=Q Bg8 45. g5 Kh8 46. g6 c5 47. Qf6# 1-0

[Event "4th Memorial Warakomska-B 2020"]
[Site "Suwalki"]
[Date "2020.08.08"]
[Round "3.1"]
[White "Ciszewski, Krzysztof"]
[Black "Ryszkiewicz, Adam"]
[Result "1-0"]
[WhiteElo "1728"]
[BlackElo "1941"]
[Annotator "TA"]
[PlyCount "59"]
[EventDate "2020.08.06"]
[EventType "swiss"]
[EventCountry "POL"]
[SourceTitle "playchess.com"]
[Source "ChessBase"]
[SourceQuality "1"]

{[%evp 9,59,30,37,36,50,47,55,54,77,39,90,39,83,-9,54,44,48,12,18,32,395,309,618,623,708,702,698,704,698,656,1056,1005,29987,29988,29988,29989,29991,29992,29992,29993,29993,29994,29994,29990,29998,29992,29992,29992,29992,29991,29991,29990]} 1. d4 Nf6 2. c4 g6 3. Nc3 Bg7 4. e4 d6 5. h3 Na6 6. Be3 {E71: King's Indian: 4 e4 d6 5 h3.} c5 7. d5 Qa5 {[#]} 8. Bd2 $146 {White is slightly better.} ({Predecessor:} 8. Qd2 Nc7 9. Bd3 a6 10. Nf3 b5 11. e5 dxe5 12. Nxe5 b4 13. Ne2 Bb7 14. Ng4 {½-½ (67) Andrianiaina,H (2017)-Khetho,P (2213) Antananarivo 2019}) 8... Bd7 9. g4 Qb6 {[#]} ({Black should try} 9... e6 $14) 10. Rb1 (10. f4 $1 $16) 10... O-O-O 11. g5 (11. Nge2 $16) 11... Ng8 (11... Nh5 $11) 12. a3 $14 h6 13. b4 cxb4 14. axb4 Bd4 $2 {[%mdl 8192] [#] Loses the game.} (14... Nxb4 $14 15. Nf3 a5) 15. c5 $1 $18 {[%cal Rc5b6][%mdl 576] Deflection} dxc5 $2 (15... Nxc5 16. bxc5 Qxc5) 16. bxc5 Qxc5 {[#]} 17. Bxa6 $1 ({Not} 17. Qb3 Qb6 $14) 17... Bxf2+ 18. Kf1 bxa6 {[#]} 19. Qe2 $1 {[%mdl 512]} Bxh3+ 20. Nxh3 Bd4 21. Qxa6+ {White mates.} Kd7 22. Qa4+ Kd6 23. Nb5+ {[%mdl 64] Double Attack} Ke5 24. Nxd4 Qxd4 25. Bf4+ Kxe4 26. Rb4 Rxd5 27. Rxd4+ Rxd4 28. Nf2+ Kd5 29. Qb5+ Ke6 30. Qe5+ {[%mdl 64] Double Attack. Accuracy: White = 74%, Black = 34%.} 1-0

[Event "4th Memorial Warakomska-B 2020"]
[Site "Suwalki"]
[Date "2020.08.08"]
[Round "3.2"]
[White "Obolonin, Filipp"]
[Black "Bancarewicz, Aleks"]
[Result "1-0"]
[WhiteElo "1922"]
[BlackElo "1781"]
[Annotator "TA"]
[PlyCount "149"]
[EventDate "2020.08.06"]
[EventType "swiss"]
[EventCountry "POL"]
[SourceTitle "playchess.com"]
[Source "ChessBase"]
[SourceQuality "1"]

{[%evp 15,149,-9,-10,-12,-8,0,1,-17,101,104,93,83,84,73,84,87,81,81,84,70,95,89,122,110,118,87,106,75,128,104,127,116,186,96,141,120,129,31,26,28,71,66,77,93,102,82,121,129,125,122,125,112,118,60,111,95,114,101,93,99,75,82,125,120,155,88,88,88,91,86,126,117,143,144,221,231,254,252,243,240,179,85,231,222,245,217,412,410,390,397,451,448,429,414,498,486,475,474,487,479,452,434,773,766,987,980,2223,2244,2302,2047,12833,6621,12818,12309,29987,29988,29989,29988,29990,29991,29991,29992,29990,29990,29990,29991,29991,29992,29992,29993,29995,29992,29991,29992,29996,29997]} 1. d4 Nf6 2. Nf3 g6 3. g3 Bg7 4. Bg2 O-O 5. O-O d6 6. c4 c5 7. Nc3 Nc6 8. e3 Bg4 9. h3 {E65: King's Indian: Fianchetto: 6...c5 7 0-0 without d5 by White.} Bxf3 10. Bxf3 Nd7 11. d5 {The position is equal.} Nce5 (11... Na5 $1 $11) 12. Be2 $16 {Hoping for f4.} Nb6 13. Qb3 {[#]} Rb8 $146 ({Predecessor:} 13... Qc8 14. Kg2 g5 15. a4 f5 16. f4 gxf4 17. exf4 Ng6 18. Bd3 Rf7 19. a5 Nd7 {0-1 (48) Tsatsalashvili,K (2285)-Babayan,A (2166) Sharjah 2017}) 14. f4 Ned7 15. Bd2 Na8 16. Qc2 Nc7 17. a4 e6 18. dxe6 Nxe6 19. Rad1 Nc7 20. Bc1 Qe7 21. Ne4 Ne8 (21... Nf6 $142 22. Nxd6 Rfd8) 22. Bf3 f5 23. Nc3 Ndf6 (23... Bxc3 $16 24. Bd5+ (24. Qxc3 Ndf6 $16) 24... Kh8 25. Qxc3+ Ndf6) 24. Rd3 (24. g4 $18) 24... Nc7 25. Rfd1 Rfd8 26. Re1 ({White should play} 26. g4 $16) 26... Ne4 $14 27. Bxe4 fxe4 28. Rdd1 Re8 29. Nd5 Nxd5 30. Rxd5 Rbc8 31. Red1 Rc6 32. Kg2 Rb6 33. b3 Qf6 34. Ba3 (34. a5 $16 Rc6 35. g4) 34... Re6 ({Black should try} 34... Qc3 $1 $14 35. Qxc3 Bxc3) 35. Rb1 $16 Qc3 36. Qxc3 Bxc3 37. g4 Kf7 38. Kf2 Ke7 39. Ke2 g5 40. Rxg5 (40. fxg5 $142 h6 41. Kd1) 40... Rh6 41. Rh5 Rxh5 42. gxh5 {[%mdl 4096] Endgame KRB-KRB} Kf7 43. Kd1 a5 44. Kc2 Bf6 (44... Bg7 $16 45. Rd1 Rc6) 45. Rg1 $18 Rc6 46. Bb2 Bxb2 47. Kxb2 {KR-KR} Rc8 48. Rg4 (48. Kc3 $18 {has better winning chances.}) 48... Rg8 {This costs Black the game.} (48... Re8 $16) 49. Kc3 h6 50. Kd2 Re8 $2 {[#]} (50... Rd8 {was necessary.} 51. Rg6 d5) 51. Ke2 Re6 52. Kf2 Rf6 53. Kg3 d5 54. cxd5 Rb6 55. f5 Rxb3 56. Kf4 c4 57. Kxe4 c3 {[#] ...c2 is the strong threat.} 58. Rg1 Rb4+ (58... b5 $142 59. axb5 Rxb5) 59. Kd3 Rh4 60. Kxc3 Rxh5 61. e4 Rxh3+ 62. Kd4 Ra3 63. e5 Rxa4+ 64. Kc5 Rb4 65. f6 {White mates.} h5 66. Rf1 h4 67. e6+ Kf8 68. f7 Re4 69. Rg1 Ke7 70. d6+ Kxe6 71. f8=Q b6+ 72. Kxb6 h3 73. Qe7+ Kd5 74. Rd1+ Kc4 75. Qxe4+ {Accuracy: White = 81%, Black = 47%.} 1-0